Welche Politiker sitzen im Bundestag? - Statistiken

Allgemein
  • Dieses Quiz wurde 233 mal gespielt
  • Das Durchschnittsergebnis liegt bei 4 aus 11
Answers on the Grid
Answers color-coded by a green-red scale on the quiz's grid according to % correct below.
Olaf Scholz
Hubert Aiwanger
Ulrich Siegmund
Beatrix von Storch
Jens Spahn
Luke Hoß
Christian Lindner
Stefan Seidler
Björn Höcke
Markus Söder
Agnes Strack-Zimmermann
Sören Pellmann
Katharina Dröge
Robert Habeck
Britta Haßelmann
Felix Banaszak
Timon Gremmels
Heidi Reichinnek
Yasmin Fahimi
Andreas Scheuer
Dorothee Bär
Wolfgang Kubicki
 
Antwortstatistiken
Antwort % Korrekt
Olaf Scholz
77%
Jens Spahn
71%
Beatrix von Storch
53%
Heidi Reichinnek
49%
Dorothee Bär
40%
Felix Banaszak
38%
Katharina Dröge
35%
Britta Haßelmann
29%
Stefan Seidler
20%
Luke Hoß
19%
Sören Pellmann
17%
Keine übereinstimmenden Quizze gefunden
Verteilung der Resultate
Anzahl Personen mit jedem Resultat
Perzentil nach korrekt beantworteten Fragen
Ihre Resultats-Entwicklung
Sie haben dieses Quiz noch nicht gespielt